| 000 | 00719cam a2200265 4500500 | ||
|---|---|---|---|
| 005 | 20260405003456.0 | ||
| 041 | _afre | ||
| 042 | _adc | ||
| 100 | 1 | 0 |
_aNathan, Tobie _eauthor |
| 245 | 0 | 0 | _aGraines alimentaires. Divin régime |
| 260 | _c2022. | ||
| 500 | _a28 | ||
| 690 | _aAntiquité | ||
| 690 | _aBoisson | ||
| 690 | _aDiète | ||
| 690 | _aDiététique | ||
| 690 | _aGrèce | ||
| 690 | _aMystère | ||
| 690 | _aMythologie | ||
| 690 | _aNourriture | ||
| 690 | _aSacré | ||
| 690 | _aTobie Nathan | ||
| 786 | 0 | _nPhilosophie magazine | 156 | 2 | 2022-02-01 | p. 14-14 | 1951-1787 | |
| 856 | 4 | 1 | _uhttps://shs.cairn.info/magazine-philosophie-magazine-2022-2-page-14?lang=fr&redirect-ssocas=7080 |
| 999 |
_c2067907 _d2067907 |
||